Language Quiz

Random Language or French Quiz
Score 0/25 Timer 05:00
0 Plays Today
Hint Answer % Correct
CouleursRouge
95.4%
Vert
87.6%
Bleu
87.2%
Noir
86.1%
La Pomme
81.3%
Animaux Le Chien
80.4%
Le Lion
70.5%
Jaune
70.4%
La Main
66%
Parties du CorpsLe Nez
61.9%
Des Fraises
60.6%
La Vache
59.4%
L'ananas
52.6%
Hint Answer % Correct
Le Canard
51%
Les Citrons
50.9%
Fournitures ScolairesLe Crayon
44.9%
L'oreille
44.6%
FruitLes Raisins
39.9%
La Grenouille
35.8%
Le Papier
34.3%
La Gomme
32.6%
L'├ępaule
31.7%
Le Genou
30.4%
Le Stylo
29.5%
Les Ciseaux
18.1%

You're not logged in!

Compare scores with friends on all Sporcle quizzes.
OR
Log In

Sporcle TV

Today on Sporcle TV


Watch our educational content, quiz creation guides, and fun videos on Sporcle TV.

Show Comments

Extras

Top Quizzes Today


Score Distribution

Paid Content

Your Account Isn't Verified!

In order to create a playlist on Sporcle, you need to verify the email address you used during registration. Go to your Sporcle Settings to finish the process.

Report this User

Report this user for behavior that violates our Community Guidelines.

Details: